International : AIMS International Journal of Management (Record no. 97673)

MARC details
000 -LEADER
fixed length control field 00326nam a2200109Ia 4500
008 - FIXED-LENGTH DATA ELEMENTS--GENERAL INFORMATION
fixed length control field 230206s9999 xx 000 0 und d
022 ## - INTERNATIONAL STANDARD SERIAL NUMBER
International Standard Serial Number 1939-7011
041 ## - LANGUAGE CODE
Language code of text/sound track or separate title eng
100 ## - MAIN ENTRY--PERSONAL NAME
Personal name Gupta O K, Ed. & Agrawal S, Ed.
9 (RLIN) 119222
245 ## - TITLE STATEMENT
Title International : AIMS International Journal of Management
260 ## - PUBLICATION, DISTRIBUTION, ETC. (IMPRINT)
Name of publisher, distributor, etc. AIMS International
Place of publication, distribution, etc. U.S.A.
Holdings
Withdrawn status Lost status Damaged status Not for loan Home library Current library Date acquired Vendor Total Checkouts Full call number Barcode Date last seen Bill Date Koha item type Original Barcode
        Smt. Hiraben Nanavati Institute of Management & Research for Women Smt. Hiraben Nanavati Institute of Management & Research for Women 17/11/2016 Saurabh Pustak Bandhani Kendra   658/GUP BV0182 HIMR-BV-182 06/02/2023 06/02/2023 Bound Volume BV0182